EMAS TEMPAWAN KEMBALI BERTAKHTA (Record no. 2405)

MARC details
000 -LEADER
fixed length control field 00698nam a2200193 4500
008 - FIXED-LENGTH DATA ELEMENTS--GENERAL INFORMATION
fixed length control field 181003b m ||||| |||| 00| 0 m d
020 ## - INTERNATIONAL STANDARD BOOK NUMBER
International Standard Book Number 9789676125668
040 ## - CATALOGING SOURCE
Original cataloging agency JKKN
082 ## - DEWEY DECIMAL CLASSIFICATION NUMBER
Classification number 923.1595
245 ## - TITLE STATEMENT
Title EMAS TEMPAWAN KEMBALI BERTAKHTA
260 ## - PUBLICATION, DISTRIBUTION, ETC. (IMPRINT)
Place of publication, distribution, etc Kuala Lumpur :
Name of publisher, distributor, etc Arkib Negara Malaysia ,
Date of publication, distribution, etc 2012
300 ## - PHYSICAL DESCRIPTION
Extent xv, 114 pages:
Other physical details colour photographs ;
Dimensions 23 cm.
337 ## - MEDIA TYPE
Source rdamedia
Media type term unmediated
338 ## - CARRIER TYPE
Source rdacarrier
Carrier type term volume
500 ## - GENERAL NOTE
General note Terbitan khas sempena pertabalan Seri Paduka Baginda Yang di-Pertuan Agong XIV
600 ## - SUBJECT ADDED ENTRY--PERSONAL NAME
Personal name Tuanku Abdul Halim Mu'adzam Shah,
Titles and other words associated with a name Seri Paduka Baginda Yang di-Pertuan Agong XIV,
Dates associated with a name 1927-
651 ## - SUBJECT ADDED ENTRY--GEOGRAPHIC NAME
Geographic name Malaysia
General subdivision Kings and rulers
942 ## - ADDED ENTRY ELEMENTS (KOHA)
Source of classification or shelving scheme Dewey Decimal Classification
Item type Buku
Holdings
Withdrawn status Lost status Source of classification or shelving scheme Damaged status Not for loan Home library Current library Shelving location Date acquired Source of acquisition Total Checkouts Full call number Barcode Date last seen Price effective from Koha item type
    Dewey Decimal Classification     JKKN Main Library JKKN Main Library On Display 03/10/2018 Sumbangan En Razy Mohd Nor   923.1595 EMA HQ005081 03/10/2018 03/10/2018 Buku

Supported by RICOM